[Event "RN-2012-0-00587"]
[Site "LSS email"]
[Date "2013.01.06"]
[Round "?"]
[White "Venturas, Bob"]
[Black "Biermann, Dennis"]
[Result "1-0"]
[WhiteElo "737"]
[BlackElo "800"]
[PlyCount "61"]
[EventDate "2012.12.29"]
[EventType "tourn (corr)"]
[EventRounds "6"]
[EventCountry "GER"]
[SourceTitle "Telechess CBM 159"]
[Source "ChessBase"]
[SourceDate "2014.03.17"]
[SourceVersion "1"]
[SourceVersionDate "2014.03.17"]
[SourceQuality "1"]

1. d4 Nf6 2. d5 c6 3. Nc3 g6 4. h3 Bg7 5. Bf4 Nxd5 6. Nxd5 cxd5 7. Qxd5 Bxb2 8. Rb1 Bc3+ 9. Bd2 Qc7 10. Nf3 e6 11. Qd3 Bxd2+ 12. Qxd2 Nc6 13. Qc3 0-0 14. e3 Qa5 15. Qxa5 Nxa5 16. Bd3 b6 17. 0-0 Bb7 18. Nd2 Rac8 19. Nb3 Nxb3 20. axb3 Rc5 21. b4 Rg5 22. f3 h5 23. h4 Re5 24. Rfe1 f5 25. f4 Rd5 26. Kf2 Kg7 27. g3 Ra8 28. b5 Rc5 29. Rb4 Bd5 30. Rd4 Rc7 31. e4 1-0

[Event "OP-2013-0-02575"]
[Site "LSS email"]
[Date "2013.01.05"]
[Round "?"]
[White "Vontina, Maria"]
[Black "Biermann, Dennis"]
[Result "1-0"]
[WhiteElo "621"]
[BlackElo "800"]
[PlyCount "35"]
[EventDate "2013.01.02"]
[EventType "tourn (corr)"]
[EventRounds "4"]
[EventCountry "GER"]
[SourceTitle "Corr 2015"]
[Source "ChessBase"]
[SourceDate "2015.07.17"]
[SourceVersion "1"]
[SourceVersionDate "2015.07.17"]
[SourceQuality "1"]

1. e4 c5 2. Nf3 d6 3. d4 cxd4 4. Nxd4 Nf6 5. Nc3 g6 6. Be3 Bg7 7. f3 0-0 8. Qd2 Re8 9. 0-0-0 a6 10. g4 Nc6 11. h4 Bd7 12. h5 Rc8 13. hxg6 fxg6 14. Bh6 Nxd4 15. Qxd4 Bxh6+ 16. Rxh6 Be6 17. Be2 Qa5 18. a3 1-0